|
|
|
|
| LEADER |
01177cam a2200253 7i4500 |
| 001 |
0000054342 |
| 005 |
20201005090000.0 |
| 020 |
|
|
|a 9783319568447 (electronic book ; volume 1)
|
| 020 |
|
|
|a 9783319568478 (electronic book ; volume 2)
|
| 090 |
0 |
0 |
|a TA365
|b .G56 2018
|
| 100 |
1 |
|
|a Ginsberg, Jerry H
|
| 245 |
1 |
0 |
|a Acoustics :
|b a textbook for engineers and physicists
|c Jerry H. Ginsberg.
|
| 264 |
|
1 |
|a USA:
|b ASA press,
|c 2018.
|
| 300 |
|
|
|a 1 online resource (2 volumes):
|b illustrations, color, text file, PDF.
|
| 336 |
|
|
|a text
|2 rdacontent
|
| 337 |
|
|
|a computer
|2 rdamedia
|
| 338 |
|
|
|a online resource
|2 rdacarrier
|
| 505 |
0 |
|
|a vol. 1. Fundamentals. -- vol. 2. Applications
|
| 650 |
0 |
0 |
|a Acoustical engineering
|
| 655 |
0 |
0 |
|a Electronic books
|
| 856 |
4 |
2 |
|u http://library.unisel.edu.my/equip-unisel/custom/ebook_catalog/ebook/AcousticsATextbookforEngineersandPhysicistsVolumeIcompressed.pdf
|
| 856 |
4 |
2 |
|u http://library.unisel.edu.my/equip-unisel/custom/ebook_catalog/ebook/AcousticsATextbookforEngineersandPhysicistsVolumeIIcompressed.pdf
|
| 997 |
|
|
|a Engineering & Life Sciences, Faculty
|b Engineering, Department
|
| 999 |
|
|
|a EBO0001040
|b EBOOK
|c EBOOK
|e Electronic resources
|